<?xml version="1.0" encoding="UTF-8"?>
<collection xmlns="http://www.loc.gov/MARC21/slim">
 <record>
  <leader>01916nam a2200205Ia 4500</leader>
  <controlfield tag="001">CTU_221029</controlfield>
  <controlfield tag="008">210402s9999    xx            000 0 und d</controlfield>
  <datafield tag="020" ind1=" " ind2=" ">
   <subfield code="c">80000</subfield>
  </datafield>
  <datafield tag="082" ind1=" " ind2=" ">
   <subfield code="a">759.951</subfield>
  </datafield>
  <datafield tag="082" ind1=" " ind2=" ">
   <subfield code="b">L120</subfield>
  </datafield>
  <datafield tag="100" ind1=" " ind2=" ">
   <subfield code="a">Lâm, Từ</subfield>
  </datafield>
  <datafield tag="245" ind1=" " ind2="0">
   <subfield code="a">Hội họa Trung Quốc</subfield>
  </datafield>
  <datafield tag="245" ind1=" " ind2="0">
   <subfield code="c">Lâm Từ ; Tống Thị Quỳnh Hoa (dịch)</subfield>
  </datafield>
  <datafield tag="260" ind1=" " ind2=" ">
   <subfield code="a">Thành phố Hồ Chí Minh</subfield>
  </datafield>
  <datafield tag="260" ind1=" " ind2=" ">
   <subfield code="b">Tổng hợp Thành phố Hồ Chí Minh</subfield>
  </datafield>
  <datafield tag="260" ind1=" " ind2=" ">
   <subfield code="c">2015</subfield>
  </datafield>
  <datafield tag="520" ind1=" " ind2=" ">
   <subfield code="a">Hội họa Trung quốc truyền thống về cơ bản mang tính cụ thể, mà chưa có được ý nghĩa như hội họa trừu tượng. Điểm khác biệt là cảnh thiên nhiên trong hội họa Trung Quốc không phải là sự phản chiếu thiên nhiên trong hội họa Trung Quốc không phải là sự phản chiếu đơn giản về tự nhiên mà là sự kết hợp thống nhất giữa tự nhiên và tâm hồn người họa sĩ, đó là thế giới mới của &quot;thiên nhiên hợp nhất&quot; (con người hòa hợp với thiên nhiên). Tranh vẽ của các họa sĩ Trung Quốc không miêu tả chính xác, rất ít người để tâm đến màu sắc, biểu hiện không gian lập thể, cảm xúc, thể tích, tỷ lệ..., điều họ cần là xây dựng được một thế giới phi vật chất hóa có thể đáp ứng được hoạt động trong tâm trí, cảnh vật tự nhiên không phải là đối tượng cần phải mô phỏng trung thực mà chỉ là tư liệu gốc cần phải có.</subfield>
  </datafield>
  <datafield tag="650" ind1=" " ind2=" ">
   <subfield code="a">Tranh, Trung Quốc,Painting, Chinese</subfield>
  </datafield>
  <datafield tag="904" ind1=" " ind2=" ">
   <subfield code="i">Hải</subfield>
  </datafield>
  <datafield tag="980" ind1=" " ind2=" ">
   <subfield code="a">Trung tâm Học liệu Trường Đại học Cần Thơ</subfield>
  </datafield>
 </record>
</collection>
